How Europe Underdeveloped Africa (Record no. 2020)

MARC details
005 - DATE AND TIME OF LATEST TRANSACTION
control field 20250528121357.0
020 ## - INTERNATIONAL STANDARD BOOK NUMBER
International Standard Book Number 9966-25-113-8
082 ## - DEWEY DECIMAL CLASSIFICATION NUMBER
Classification number LECT 320.96 ROD
100 ## - MAIN ENTRY--PERSONAL NAME
Author name RODNEY, W.
245 ## - TITLE STATEMENT
Title How Europe Underdeveloped Africa
260 ## - PUBLICATION, DISTRIBUTION, ETC.
Place of publication, distribution, etc. Nairobi,
Name of publisher, distributor, etc. East African Educational Publishers,
Date of publication, distribution, etc. 1972.
300 ## - PHYSICAL DESCRIPTION
Extent xxiv, 312p.
Other physical details Index.
Dimensions 23cm.
942 ## - ADDED ENTRY ELEMENTS (KOHA)
Source of classification or shelving scheme Dewey Decimal Classification
Koha item type Books
Holdings
Date last seen Total checkouts Full call number Barcode Cost, replacement price Price effective from Koha item type Lost status Source of classification or shelving scheme Damaged status Not for loan Withdrawn status Home library Current library Shelving location Date acquired Cost, normal purchase price
06/28/2025   325.6 ROD DOM0002633 90000.00 06/28/2025 Books   Dewey Decimal Classification       CBE Dodoma CBE Dodoma General Collection 09/25/2008 30000.00
05/06/2025   LECT 320.96 ROD 0000007741 90000.00 05/06/2025 Books   Dewey Decimal Classification       College of Business Education Main Library College of Business Education Main Library General Collection 09/08/2008 30000.00
05/28/2025   320. 96 ROD 00000010324 90000.00 05/28/2025 Books   Dewey Decimal Classification       College of Business Education Main Library College of Business Education Main Library Special Reserve Collection 09/08/2008 30000.00
05/29/2025   320.96 ROD 00000010434 90000.00 05/29/2025 Books   Dewey Decimal Classification       College of Business Education Main Library College of Business Education Main Library General Collection 09/08/2008 30000.00
05/29/2025   320.96 ROD 00000010435 90000.00 05/29/2025 Books   Dewey Decimal Classification       College of Business Education Main Library College of Business Education Main Library General Collection 09/08/2008 30000.00